02091 2200937 4500001002100000005001700021008004100038035002400079082001300103090002100116245007700137260008000214300001800294650003100312700002700343850001200370980001500382985000600397999001500403999001500418990001200433990001200445990001200457990001200469990001200481990001200493990001200505990001200517990001200529990001200541990001200553990001200565990001200577990001200589990001200601990001200613990001200625990001200637990001200649990001200661990001200673990001200685990001200697990001200709990001200721990001200733990001200745990001200757990001200769990001200781990001200793990001200805990001200817990001200829990001200841990001200853990001200865990001200877990001200889990001200901990001200913990001200925990001200937990001200949990001200961990001200973990001200985990001200997990001201009990001201021990001201033990001201045990001201057990001201069990001201081990001201093990001201105990001201117990001201129990001201141YOGYA-0209000005912620090227034615.0 ind  0010-020900000059126 a899.2311 a899.2311bGeglT aGEGURITAN lara semaracalih aksara dan alih bahasa I. Ketut Pasek Suyasa aJakartabDepdikbud Proyek Penerbitan Buku Sastra Indonesia dan Daerahc1980 a23 hlmc21 cm aKesasteraan Bali - Tembang aSuyasa, I. Ketut Pasek aYOPDYOG a05-08-2008 a2 aa000058053 aa000058054 a58052-a a57830-A a57831-A a57833-A a57834-A a57835-A a57836-A a58051-A a58053-A a58054-A a58053-a a57830-A a57831-A a57833-A a57834-A a57835-A a57836-A a58051-A a58052-a a58054-A a58051-a a57830-A a57831-A a57833-A a57834-A a57835-A a57836-A a58052-a a58053-a a58054-A a58053-a a57830-A a57831-A a57833-A a57834-A a57835-A a57836-A a58051-a a58052-a a58054-A a58051-a a57830-A a57831-A a57833-A a57834-A a57835-A a57836-A a58052-a a58053-a a58054-A a58053-a a57830-A a57831-A a57833-A a57834-A a57835-A a57836-A a58051-a a58052-a a58054-A